Estatísticas para Seis países mais próximos - Panamá

Clique aqui para jogar o quiz

Estatísticas Gerais

  • Esse quiz foi jogado 35 vezes
  • A pontuação média é 4 de 6

Estatísticas das Respostas

kmpaís% Correto
0Costa Rica
97%
0Colômbia
84%
568Honduras
71%
159Nicarágua
65%
445Venezuela
61%
652Equador
23%

Distribuição das Pontuações

Percentil de Números Respondidos

Porcentagem de Pessoas com Cada Pontuação

Sua Pontuação Histórica

Você não jogou esse quiz